Cuestiones particulares de medición y exposición en la producción porcina (Registro nro. 10060)

Detalles MARC
000 -LEADER
fixed length control field 00435 a2200133 4500
001 - CONTROL NUMBER
control field ART_37713
005 - DATE AND TIME OF LATEST TRANSACTION
control field 20260410161605.0
008 - FIXED-LENGTH DATA ELEMENTS--GENERAL INFORMATION
fixed length control field 260409a
100 1# - MAIN ENTRY--PERSONAL NAME
Personal name Simaro, Gustavo
245 10 - TITLE STATEMENT
Title Cuestiones particulares de medición y exposición en la producción porcina
700 1# - ADDED ENTRY--PERSONAL NAME
Personal name Picabea, Agustín
700 1# - ADDED ENTRY--PERSONAL NAME
Personal name Torchelli, Valeria
773 0# - HOST ITEM ENTRY
Title Profesional & Empresaria
Related parts - Año XVII, Nº 199 (abr. 2016)
Record control number REV70

No hay ítems disponibles.